000 00506 a2200181 4500
001 144268
040 _cLeonardo Da Vinci
041 _aPortuguês
082 _a325.21 G113c
_bG113c
100 _aGABEIRA, Fernando
245 _aO crepúsculo do macho
_bdepoimento
250 _a16. ed
260 _bCODECRI
_c1981
_aRio de Janeiro
362 _a19810000
490 _av. 82
697 _aBiografia
_aFernando Gabeira
_aRefugiados políticos
_aDepoimentos
_aExilados
_a1964
_aExílio
_aBrasil
942 _cBK
999 _c144268
_d144268